000 00517nam a2200181Ia 4500
999 _c28984
_d28984
003 OSt
005 20210105094938.0
008 190216s9999||||xx |||||||||||||| ||und||
020 _a9788182641587
040 _coclc
082 _a894.812301
_bSET/P
100 _aSethu
_96440
245 0 _aPenmanassukaliloode /
_cSethu
260 _bMathrubhumi Printing & Publishing,
_aKozhikode:
_c2005.
300 _a184p
650 _aMalayalam
942 _cBK
_2ddc
_h894.812301
_iSET/P
_k894.812301
_mSET/P